000 00724nam a2200265 i 4500
001 C2-0248778
003 PPAK
005 20180727212943.0
008 030422s1999 enka|||| ||||| | eng d
020 _a0431037256
040 _aPPAK
_beng
_cPPAK
_erda
082 0 4 _a531.113
_223
090 0 0 _a531.113
_bSNE
_dRK
100 1 _aSnedden, Robert,
_eauthor
245 1 0 _aForces
264 1 _aOxford :
_bHeinemann Library ,
_c1999
300 _a32 pages :
_bcolour illustrations ;
_c29 cm
336 _2rdacontent
_atext
337 _2rdamedia
_aunmediated
338 _2rdacarrier
_avolume
490 1 _aSmart science
650 1 0 _aForces and energy - Juvenile literature
830 0 _aSmart science
942 _ddc
_cB
999 _c62395
_d62395